| 000 | 01238cam a22003617a 4500 | ||
|---|---|---|---|
| 003 | CHAP | ||
| 005 | 20220329141839.0 | ||
| 008 | 971208d1991 gb a r 10110 eng d | ||
| 010 | _a74720 | ||
| 011 | _a75692 | ||
| 020 | _a0262720191 | ||
| 035 | _a85260 | ||
| 040 | _cCHAP | ||
| 082 | 0 | 4 |
_a006.3 _bE8 |
| 111 | 0 | 0 |
_aEuropean Conference on Artificial Life ( _d1991 : _cParis, France) _938884 |
| 245 | 0 | 0 |
_aToward a practice of autonomous systems : _bproceedings _c/ed. by Francisco J. Varela and Paul Bourgine |
| 260 | 0 |
_aLondon, England : _bMIT Press, _c1991. |
|
| 300 |
_a515 p. : _bilus. |
||
| 590 |
_aBATCH-UPD _b10 _c20130110 _lUCH01 _h0419 |
||
| 590 |
_aBATCH-UPD _b10 _c20130110 _lUCH01 _h2217 |
||
| 590 |
_aBATCH-UPD _b10 _c20130410 _lUCH01 _h0054 |
||
| 590 |
_aBATCH-UPD _b10 _c20130914 _lUCH01 _h0744 |
||
| 590 |
_aCONVERSION _b10 _c20130109 _lUCH01 _h1341 |
||
| 650 | 1 | 4 |
_aInteligencia artificial. _959507 |
| 650 | 1 | 4 |
_aRobots. _998140 |
| 650 | 1 | 4 |
_aSistemas autónomos. _9106740 |
| 700 | 0 |
_aBourgine, Paul _eed. _914778 |
|
| 700 | 0 |
_aVarela, Francisco J. _eed. _9117951 |
|
| 901 | _aBK | ||
| 905 | _aLilia Sánchez G. | ||
| 942 | _cLIBRO | ||
| 949 |
_a006.3 E8 _bBC _cLIBRO _d33724000584256 _eLIBRO _gI. 169849 _h92515 _i85260 _sb _t220.55 |
||
| 999 |
_c74720 _d74720 |
||